000 00660nam a2200217 a 4500
001 BRCA_2672
005 20190320203922.0
008 021208s1908----ilua---###---#000-0#eng-u
050 4 _aF1211.S8
_b.S73
_c1908
100 1 _aStarr, Frederick
_d1858-1933
_97581
245 1 0 _aIn Indian Mexico
_ba narrative of travel and labor
_cby Frederick Starr.
260 _aChicago, Illinois
_bForbes
_c1908
300 _a425 p.
_bil.
_c25 cm.
500 _aIncluye índice analítico.
500 _aB8
650 1 4 _aIndios de México
_97582
650 1 4 _aViajeros estadounidenses
_97583
651 4 _aMéxico
_xDescripción y viajes
_9103
902 _aGFM
942 _2lcc
_cB
999 _c2412
_d2412